000
00213 a2200097 4500
001
803
100
_a
Scroggie,M.G
245
_a
Radio & electronic laboratory handbook
260
_a
_b
Iliffe
_c
090
_c
395
_d
395
942
_a
NUST-CAE
_c
M
_c
30211
999
_c
235876
_d
235876